AH International Schools' Libraries

Archie's superteens / (Record no. 47690)

MARC details
000 -LEADER
fixed length control field 01344cam a2200265 i 4500
001 - CONTROL NUMBER
control field 21109986
005 - DATE AND TIME OF LATEST TRANSACTION
control field 20260211100245.0
008 - FIXED-LENGTH DATA ELEMENTS--GENERAL INFORMATION
fixed length control field 190731s2019 nyua 6 000 1 eng d
020 ## - INTERNATIONAL STANDARD BOOK NUMBER
International Standard Book Number 9781682558171
Qualifying information (paperback)
100 1# - MAIN ENTRY--PERSONAL NAME
Personal name Flynn, Ian,
Dates associated with a name 1982-
Relator term writer.
9 (RLIN) 85534
245 10 - TITLE STATEMENT
Title Archie's superteens /
Statement of responsibility, etc Ian Flynn.
260 ## - PUBLICATION, DISTRIBUTION, ETC. (IMPRINT)
Place of publication, distribution, etc Archie Comic Publications;
Date of publication, distribution, etc 2019.
300 ## - PHYSICAL DESCRIPTION
Extent 128 pages :
Other physical details chiefly color illustrations ;
Dimensions 23 cm
490 ## - SERIES STATEMENT
Series statement Archie's superteens;
500 ## - GENERAL NOTE
General note Previously published in magazine form 1965-2018--Title page.
500 ## - GENERAL NOTE
General note "This book contains some material that was originally created in a less socially sensitive time in our society and reflects attitudes that may be interpreted as being unacceptable today. The stories are reprinted here without alteration for historical reference."-- Page [3].
520 ## - SUMMARY, ETC.
Summary, etc "It's the return of Riverdale's legendary teenage superheroes, as Pureheart the Powerful and the Superteens battle against all odds in this collection of action-packed tales"--
521 ## - TARGET AUDIENCE NOTE
Target audience note Rated: All-ages.
655 #0 - INDEX TERM--GENRE/FORM
Genre/form data or focus term Comic books, strips, etc.
700 1# - ADDED ENTRY--PERSONAL NAME
Personal name Williams, David
Titles and other words associated with a name (Comic book artist),
Relator term writer.
9 (RLIN) 85535
700 1# - ADDED ENTRY--PERSONAL NAME
Personal name Martin, Gary,
Dates associated with a name 1956-
Relator term writer.
700 1# - ADDED ENTRY--PERSONAL NAME
Personal name Doyle, Frank,
Dates associated with a name 1917-1996,
Relator term writer.
9 (RLIN) 85536
700 1# - ADDED ENTRY--PERSONAL NAME
Personal name Shannon, Kelsey,
Relator term artist.
9 (RLIN) 85537
942 ## - ADDED ENTRY ELEMENTS (KOHA)
Source of classification or shelving scheme
Koha item type Books/GRAPHICS
Holdings
Withdrawn status Lost status Source of classification or shelving scheme Damaged status Not for loan Collection code Home library Current library Date acquired Total Checkouts Full call number Barcode Date last seen Date checked out Price effective from Koha item type
          SECONDARY Asian Hope Secondary Library Asian Hope Secondary Library 10/31/2024 8 YA FIC GRAPHIX FLY 206645 04/28/2026 04/21/2026 10/31/2024 Books/GRAPHICS

For any Logos Library related questions please contact Miss Art at swongnarasuk@asianhope.org.

For any Asian Hope Library related questions please contact Miss Raza at graza@asianhope.org.

Powered by Koha